| 000 | 00586nam a22001337a 4500 | ||
|---|---|---|---|
| 082 |
_a823 _bSIN/I |
||
| 100 | _aSINGH, RAVINDER | ||
| 245 | _aI TOO HAD A LOVE STORY | ||
| 260 |
_aNEW DELHI _bPENGUIN BOOKS |
||
| 300 | _a199 | ||
| 520 | _aIt's about two strangers, the main characters, Ravin and Khushi. They both meet each other on a matrimonial site. And from there, they fall in love with each other establishing a soft feeling of adoration for the novel in the reader's heart. This story isn't the one where love happens at first sight. | ||
| 650 |
_aENGLISH NOVEL _zINDIA |
||
| 942 | _cBK | ||
| 999 |
_c3379 _d3379 |
||